[Event "Athens Autumn"]
[Site "Athens"]
[Date "2011.10.20"]
[Round "1.4"]
[White "Mbaskas, Vangelis"]
[Black "Kaldis, Georgios"]
[Result "1/2-1/2"]
[WhiteElo "1984"]
[BlackElo "1955"]
[PlyCount "117"]
[EventDate "2011.10.20"]
[EventType "swiss"]
[EventRounds "6"]
[EventCountry "GRE"]
[SourceTitle "EXT 2024"]
[Source "ChessBase"]
[SourceDate "2023.10.10"]
[SourceVersion "1"]
[SourceVersionDate "2023.10.10"]
[SourceQuality "1"]

1. e4 e6 2. f4 d5 3. e5 c5 4. Nf3 Nc6 5. c3 Nh6 6. Bd3 c4 7. Bc2 Bc5 8. d4 cxd3 9. Bxd3 Qb6 10. Qe2 a5 11. h3 Nf5 12. Bxf5 exf5 13. Nbd2 a4 14. b4 Be7 15. a3 0-0 16. Nf1 Re8 17. Be3 Qc7 18. Rc1 f6 19. b5 Na5 20. Bd4 Bxa3 21. Ra1 Nc4 22. N1d2 Bf8 23. 0-0 Bd7 24. Rfb1 Kf7 25. Qd1 a3 26. Nxc4 dxc4 27. exf6 gxf6 28. g3 Qd6 29. Nh4 Qd5 30. Qh5+ Kg8 31. Rd1 Bc5 32. Bxc5 Qxc5+ 33. Rd4 Re4 34. Kh2 Rxd4 35. cxd4 Qxd4 36. Rd1 Qb2+ 37. Ng2 Qxb5 38. Rd6 Ra6 39. Qd1 Rxd6 40. Qxd6 Qc6 41. Qxa3 Qe4 42. Qa1 Bc6 43. Nh4 Qc2+ 44. Kg1 c3 45. Qa8+ Kg7 46. Qd8 Qc1+ 47. Kf2 Qd2+ 48. Qxd2 cxd2 49. Ke2 Be4 50. Kxd2 h5 51. Ke3 Kf7 52. g4 hxg4 53. hxg4 Ke6 54. Kd4 Bb1 55. gxf5+ Bxf5 56. Nf3 Bh3 57. Nd2 Bg2 58. Nc4 b5 59. Ne3 1/2-1/2

[Event "Athens Filadelfia CC Spring op"]
[Site "Athens"]
[Date "2009.04.14"]
[Round "2.3"]
[White "Koliopoulos, Konstantinos"]
[Black "Kaldis, Georgios"]
[Result "1-0"]
[WhiteElo "2221"]
[BlackElo "2006"]
[PlyCount "148"]
[EventDate "2009.04.07"]
[EventType "swiss"]
[EventRounds "10"]
[EventCountry "GRE"]
[SourceTitle "EXT 2024"]
[Source "ChessBase"]
[SourceDate "2023.10.10"]
[SourceVersion "1"]
[SourceVersionDate "2023.10.10"]
[SourceQuality "1"]

1. d4 d5 2. Nf3 e6 3. c4 c5 4. cxd5 exd5 5. Nc3 Nc6 6. g3 Nf6 7. Bg2 Be7 8. 0-0 0-0 9. Bg5 cxd4 10. Nxd4 h6 11. Be3 Bg4 12. Rc1 Qd7 13. Nxc6 bxc6 14. Na4 Rfe8 15. Re1 Bb4 16. Bd2 Bd6 17. Bc3 Be5 18. Nc5 Qf5 19. Bxe5 Qxe5 20. Nd3 Qd6 21. Qd2 Rab8 22. Rc2 Re7 23. h3 Bf5 24. Rec1 Rb6 25. b3 Be4 26. Rb2 Bxg2 27. Kxg2 Ne4 28. Qf4 Qxf4 29. Nxf4 g5 30. Nd3 Re6 31. e3 Kf8 32. Rbc2 Ke7 33. Rh1 Kd6 34. h4 Rg6 35. hxg5 hxg5 36. Rh7 Rb7 37. Rh8 Rc7 38. Nb4 Kd7 39. f3 Nd6 40. Na6 Rc8 41. Nc5+ Ke7 42. Rh7 Rgg8 43. Nd3 Nf5 44. Re2 Rh8 45. Rxh8 Rxh8 46. g4 Nh4+ 47. Kg3 Ng6 48. Rc2 Kd7 49. Rc5 Re8 50. Kf2 Kd6 51. Ra5 Re7 52. Ra6 Rc7 53. b4 Ne5 54. Ke2 Nc4 55. e4 dxe4 56. fxe4 f6 57. a4 Rh7 58. b5 Rh2+ 59. Ke1 Rh1+ 60. Kf2 Ne5 61. Nxe5 Kxe5 62. Rxc6 Ra1 63. Ra6 Kxe4 64. Rxa7 Ra2+ 65. Ke1 Kd3 66. b6 Ra1+ 67. Kf2 Ke4 68. Re7+ Kf4 69. b7 Rb1 70. a5 Rb2+ 71. Ke1 Rb1+ 72. Kd2 Kxg4 73. a6 Rb2+ 74. Kc3 f5 1-0

[Event "Nea Filadelfia Autumn"]
[Site "Nea Filadelfia"]
[Date "2008.11.05"]
[Round "6"]
[White "Klokas, Konstantinos"]
[Black "Kaldis, Georgios"]
[Result "1-0"]
[WhiteElo "2175"]
[BlackElo "2011"]
[PlyCount "65"]
[EventDate "2008.10.20"]
[EventType "tourn"]
[EventRounds "11"]
[EventCountry "GRE"]
[SourceTitle "CBM 127 Extra"]
[Source "ChessBase"]
[SourceDate "2009.01.08"]
[SourceVersion "2"]
[SourceVersionDate "2009.01.28"]
[SourceQuality "1"]

1. e4 e6 2. d4 d5 3. e5 c5 4. c3 Nc6 5. Nf3 Bd7 6. Be2 Rc8 7. 0-0 a6 8. dxc5 Bxc5 9. b4 Bf8 10. a4 f6 11. Bf4 fxe5 12. Nxe5 Nxe5 13. Bxe5 Nf6 14. g4 Rg8 15. Qd3 Ne4 16. f3 Ng5 17. Nd2 Nf7 18. f4 g6 19. Bd4 Bg7 20. Bxg7 Rxg7 21. Qd4 Rg8 22. c4 Bc6 23. c5 Qd7 24. Bd1 Ke7 25. g5 Kd8 26. Re1 Kc7 27. Bg4 Rce8 28. Qf6 Nd8 29. Qe5+ Kc8 30. b5 Qe7 31. bxc6 Qxc5+ 32. Kh1 bxc6 33. Rac1 1-0

[Event "Nea Filadelfia Autumn"]
[Site "Nea Filadelfia"]
[Date "2008.10.27"]
[Round "3"]
[White "Kaldis, Georgios"]
[Black "Andronis, Vasilios"]
[Result "1/2-1/2"]
[WhiteElo "2011"]
[BlackElo "2072"]
[PlyCount "60"]
[EventDate "2008.10.20"]
[EventType "tourn"]
[EventRounds "11"]
[EventCountry "GRE"]
[SourceTitle "CBM 127 Extra"]
[Source "ChessBase"]
[SourceDate "2009.01.08"]
[SourceVersion "2"]
[SourceVersionDate "2009.01.28"]
[SourceQuality "1"]

1. e4 d5 2. exd5 Qxd5 3. Nf3 Bg4 4. Be2 Nc6 5. d4 0-0-0 6. Be3 Nf6 7. Nbd2 Kb8 8. c4 Qd7 9. d5 Bxf3 10. Nxf3 Qe8 11. Qc1 Nb4 12. a3 Na6 13. 0-0 e6 14. dxe6 Qxe6 15. b4 Ne4 16. Qc2 f5 17. Nd4 Qf6 18. Rad1 Be7 19. Nb5 c5 20. Bf3 Qg6 21. Bf4+ Ka8 22. Rfe1 Rhe8 23. g3 Bf6 24. Rxd8+ Bxd8 25. Bxe4 Rxe4 26. Rxe4 fxe4 27. Nd6 Bc7 28. Qxe4 Qxe4 29. Nxe4 Bxf4 30. gxf4 cxb4 1/2-1/2

[Event "Nea Filadelfia CC Autumn"]
[Site "Nea Filadelfia"]
[Date "2007.11.24"]
[Round "11.6"]
[White "Delithanasis, Dimitrios"]
[Black "Kaldis, Georgios"]
[Result "1-0"]
[WhiteElo "2204"]
[BlackElo "2027"]
[PlyCount "40"]
[EventDate "2007.10.11"]
[EventType "tourn"]
[EventRounds "11"]
[EventCountry "GRE"]
[SourceTitle "EXT 2024"]
[Source "ChessBase"]
[SourceDate "2023.10.10"]
[SourceVersion "1"]
[SourceVersionDate "2023.10.10"]
[SourceQuality "1"]

1. d4 e6 2. Nf3 f5 3. c3 Nf6 4. Bg5 b6 5. Nbd2 Bb7 6. Qc2 d5 7. e3 Nbd7 8. Be2 Bd6 9. h3 c6 10. g4 g6 11. 0-0-0 Qc7 12. Ne5 Nxe5 13. Bxf6 Nf7 14. Bxh8 Nxh8 15. h4 Qf7 16. f4 0-0-0 17. h5 fxg4 18. Bxg4 Kb8 19. Kb1 c5 20. Nf3 Qg7 1-0

[Event "Nea Filadelfia CC Autumn"]
[Site "Nea Filadelfia"]
[Date "2007.10.13"]
[Round "2.6"]
[White "Kaldis, Georgios"]
[Black "Koliopoulos, Konstantinos"]
[Result "0-1"]
[WhiteElo "2027"]
[BlackElo "2203"]
[PlyCount "117"]
[EventDate "2007.10.11"]
[EventType "tourn"]
[EventRounds "11"]
[EventCountry "GRE"]
[SourceTitle "EXT 2024"]
[Source "ChessBase"]
[SourceDate "2023.10.10"]
[SourceVersion "1"]
[SourceVersionDate "2023.10.10"]
[SourceQuality "1"]

1. e4 c6 2. d4 d5 3. f3 g6 4. Nc3 Bg7 5. Be3 Qb6 6. Qd2 Qxb2 7. Rb1 Qa3 8. exd5 Nf6 9. Bc4 Qa5 10. dxc6 bxc6 11. Nge2 0-0 12. 0-0 Rd8 13. Bh6 Nbd7 14. Bxg7 Kxg7 15. Qf4 Nb6 16. Bb3 Ba6 17. Rfe1 Qf5 18. Rbd1 Nbd5 19. Qxf5 gxf5 20. Na4 e6 21. Nc1 Nd7 22. c4 N5b6 23. d5 cxd5 24. cxd5 Nxa4 25. Bxa4 Nb6 26. Bb3 exd5 27. Rd4 Rac8 28. Red1 Bc4 29. Kf2 Bxb3 30. Nxb3 Rc2+ 31. R1d2 Rxd2+ 32. Rxd2 Kf6 33. Nd4 Rc8 34. Ke2 Rc4 35. Kd3 Na4 36. Nb3 Ke5 37. Re2+ Kd6 38. Re8 Nc5+ 39. Kd2 Ne6 40. Rh8 Ra4 41. Rxh7 Rxa2+ 42. Kc3 Rxg2 43. Rxf7 Rxh2 44. Rxf5 Rh7 45. Nd2 Rc7+ 46. Kd3 a5 47. Rf6 Ke5 48. Rh6 a4 49. Rh5+ Kd6 50. Rh8 Ra7 51. Rh1 Ke5 52. Rh5+ Kd6 53. Rh1 a3 54. Ra1 Ke5 55. Nb1 Rf7 56. Nxa3 Rxf3+ 57. Kd2 Nc5 58. Re1+ Ne4+ 59. Rxe4+ 0-1

[Event "Heraklio op 9th"]
[Site "Heraklion"]
[Date "2005.??.??"]
[Round "3"]
[White "Spiropoulos, Panayotis"]
[Black "Kaldis, Georgios"]
[Result "1-0"]
[WhiteElo "2160"]
[BlackElo "2005"]
[PlyCount "51"]
[EventDate "2005.06.??"]
[EventType "swiss"]
[EventRounds "9"]
[EventCountry "GRE"]
[SourceTitle "EXT 2007"]
[Source "ChessBase"]
[SourceDate "2006.11.23"]
[SourceVersion "1"]
[SourceVersionDate "2006.11.23"]
[SourceQuality "1"]

1. e4 e6 2. d4 d5 3. Nc3 Nf6 4. e5 Nfd7 5. f4 c5 6. Nf3 a6 7. Be3 Qb6 8. a3 Nc6 9. dxc5 Bxc5 10. Na4 Qa5+ 11. b4 Qxa4 12. bxc5 0-0 13. c4 Qa5+ 14. Qd2 Qxd2+ 15. Kxd2 d4 16. Nxd4 Nxc5 17. Nxc6 Nb3+ 18. Kc3 Nxa1 19. Ne7+ Kh8 20. Nxc8 Raxc8 21. Be2 Rc7 22. Rxa1 h6 23. Bf3 Rfc8 24. c5 Kg8 25. Rb1 Rb8 26. Rb6 1-0

[Event "Attica-ch op"]
[Site "Attica"]
[Date "2003.05.16"]
[Round "6"]
[White "Kaldis, Georgios"]
[Black "Kouvatsos, Filippos"]
[Result "0-1"]
[WhiteElo "2072"]
[BlackElo "2051"]
[PlyCount "50"]
[EventDate "2003.05.??"]
[EventType "swiss"]
[EventRounds "9"]
[EventCountry "GRE"]
[SourceTitle "EXT 2005"]
[Source "ChessBase"]
[SourceDate "2004.11.15"]
[SourceVersion "1"]
[SourceVersionDate "2004.11.15"]
[SourceQuality "1"]

1. e4 c6 2. d4 d5 3. exd5 cxd5 4. Bd3 Nc6 5. c3 g6 6. Nf3 Bg7 7. 0-0 Nh6 8. Bf4 0-0 9. Re1 f6 10. Nbd2 Nf7 11. Bg3 e5 12. dxe5 fxe5 13. Bb5 e4 14. Bxc6 bxc6 15. Nd4 Ne5 16. Qb3 Kh8 17. Nxe4 dxe4 18. Rxe4 Nd3 19. Nxc6 Qf6 20. Qd5 Bb7 21. Re6 Qf7 22. Rd6 Qxd5 23. Rxd5 Nxb2 24. Rc5 Rac8 25. Rb1 Na4 0-1

[Event "Attica-ch op"]
[Site "Attica"]
[Date "2003.05.14"]
[Round "5"]
[White "Tassopoulos, Marios"]
[Black "Kaldis, Georgios"]
[Result "1-0"]
[WhiteElo "2226"]
[BlackElo "2072"]
[PlyCount "89"]
[EventDate "2003.05.??"]
[EventType "swiss"]
[EventRounds "9"]
[EventCountry "GRE"]
[SourceTitle "EXT 2005"]
[Source "ChessBase"]
[SourceDate "2004.11.15"]
[SourceVersion "1"]
[SourceVersionDate "2004.11.15"]
[SourceQuality "1"]

1. e4 e6 2. d4 d5 3. Bd3 Nf6 4. e5 Nfd7 5. Nd2 c5 6. c3 Nc6 7. Ne2 Qb6 8. Nf3 cxd4 9. cxd4 f6 10. exf6 Nxf6 11. 0-0 Bd6 12. Nc3 0-0 13. Bg5 Kh8 14. Na4 Qc7 15. Rc1 Qf7 16. Bh4 Qh5 17. Bg3 Bxg3 18. fxg3 Bd7 19. Nc5 Qh6 20. Qd2 Qxd2 21. Nxd2 Rf7 22. Nf3 Re7 23. Rfe1 Nd8 24. Ne5 Be8 25. g4 b6 26. Na6 g5 27. h3 Kg8 28. Nc7 Rb8 29. Nf3 h6 30. Na6 Ra8 31. Ne5 Bf7 32. Rc3 Ne8 33. Rec1 Kg7 34. b4 h5 35. gxh5 Bxh5 36. g4 Bf7 37. Rc8 Rxc8 38. Rxc8 Nb7 39. Nc6 Rd7 40. Ne5 Rd8 41. Rc6 Rd6 42. Rc2 Rd8 43. a3 Nbd6 44. Kf2 Kf8 45. Nf3 1-0

[Event "Kallithea op"]
[Site "Kallithea"]
[Date "2002.09.04"]
[Round "8"]
[White "Kaldis, Georgios"]
[Black "Vlahos, Athanasios"]
[Result "1-0"]
[WhiteElo "2072"]
[BlackElo "2019"]
[PlyCount "53"]
[EventDate "2002.??.??"]
[EventType "swiss"]
[EventRounds "9"]
[EventCountry "GRE"]
[SourceTitle "EXT 2004"]
[Source "ChessBase"]
[SourceDate "2003.11.25"]
[SourceVersion "1"]
[SourceVersionDate "2003.11.25"]
[SourceQuality "1"]

1. f4 Nf6 2. Nf3 c5 3. e3 b6 4. b3 g6 5. Bb2 Bg7 6. Be2 Bb7 7. 0-0 0-0 8. a4 d6 9. Na3 Nbd7 10. Nc4 a6 11. Qe1 Nd5 12. Bxg7 Kxg7 13. Qh4 Re8 14. f5 N5f6 15. g4 Ne5 16. g5 Nfg4 17. Nfxe5 Nxe5 18. f6+ exf6 19. gxf6+ Kh8 20. Qh6 Rg8 21. Rf4 Qf8 22. Qxf8 Rgxf8 23. Nxd6 Bd5 24. d4 cxd4 25. exd4 Nc6 26. c4 g5 27. Rf2 1-0